<?xml version="1.0" encoding="UTF-8"?><?xml-stylesheet type="text/xsl" href="static/style.xsl"?><OAI-PMH xmlns="http://www.openarchives.org/OAI/2.0/" xmlns:xsi="http://www.w3.org/2001/XMLSchema-instance" xsi:schemaLocation="http://www.openarchives.org/OAI/2.0/ http://www.openarchives.org/OAI/2.0/OAI-PMH.xsd"><responseDate>2026-04-28T07:26:55Z</responseDate><request verb="GetRecord" identifier="oai:riubu.ubu.es:10259/8684" metadataPrefix="marc">https://riubu.ubu.es/oai/request</request><GetRecord><record><header><identifier>oai:riubu.ubu.es:10259/8684</identifier><datestamp>2024-02-16T01:05:27Z</datestamp><setSpec>com_10259_4731</setSpec><setSpec>com_10259_5086</setSpec><setSpec>com_10259_2604</setSpec><setSpec>col_10259_4732</setSpec></header><metadata><record xmlns="http://www.loc.gov/MARC21/slim" xmlns:doc="http://www.lyncode.com/xoai" xmlns:xsi="http://www.w3.org/2001/XMLSchema-instance" xmlns:dcterms="http://purl.org/dc/terms/" xsi:schemaLocation="http://www.loc.gov/MARC21/slim http://www.loc.gov/standards/marcxml/schema/MARC21slim.xsd">
<leader>00925njm 22002777a 4500</leader>
<datafield tag="042" ind1=" " ind2=" ">
<subfield code="a">dc</subfield>
</datafield>
<datafield tag="720" ind1=" " ind2=" ">
<subfield code="a">Jerónimo Sánchez-Beato, Estefanía</subfield>
<subfield code="e">author</subfield>
</datafield>
<datafield tag="720" ind1=" " ind2=" ">
<subfield code="a">San Martín Gutiérrez, Sonia</subfield>
<subfield code="e">author</subfield>
</datafield>
<datafield tag="720" ind1=" " ind2=" ">
<subfield code="a">Rodríguez Torrico, Paula</subfield>
<subfield code="e">author</subfield>
</datafield>
<datafield tag="720" ind1=" " ind2=" ">
<subfield code="a">Jiménez Torres, Nadia Huitzilin</subfield>
<subfield code="e">author</subfield>
</datafield>
<datafield tag="260" ind1=" " ind2=" ">
<subfield code="c">2023-05</subfield>
</datafield>
<datafield tag="520" ind1=" " ind2=" ">
<subfield code="a">Este artículo apuesta por una formación integral de los estudiantes (hombres y mujeres) como&#xd;
futuros profesionales a fin de que puedan actuar de forma consciente y responsable. Para ello,&#xd;
resulta crucial el papel que incumbe desempeñar a la universidad, a la que la propia normativa&#xd;
vigente le impone una serie de valores claves para el sistema educativo universitario. El objetivo&#xd;
es describir la percepción del papel de la ética en la formación universitaria desde la opinión&#xd;
del profesorado y del estudiantado.&#xd;
Se ha realizado un estudio empírico que pretende obtener información primaria de la percepción&#xd;
que sobre esta temática tienen el profesorado y el alumnado de dos universidades. El personal&#xd;
docente coincide en la necesidad de brindar formación ética al alumnado universitario. Esto&#xd;
contrasta con una mayoritaria impresión del profesorado acerca de la carencia de dicha formación en los estudios de educación superior. Respecto al estudiantado, se extrae el mismo&#xd;
resultado acerca de la percepción de falta de formación ética recibida en sus estudios&#xd;
universitarios, pues admite que desconoce las competencias éticas y que no las ha leído o&#xd;
entendido en las guías docentes.&#xd;
Se recomienda a las universidades una reflexión acerca de la conveniencia de incorporar&#xd;
competencias éticas en las asignaturas de los títulos oficiales que ofrecen, visibilizarlas y&#xd;
explicarlas.</subfield>
</datafield>
<datafield tag="520" ind1=" " ind2=" ">
<subfield code="a">This article is interested in the comprehensive training of students (men and women) and as&#xd;
future professionals who act consciously and responsibly. In this sense, the role of the university&#xd;
is crucial, since the current regulation imposes a series of values to the university education. The&#xd;
aim of this paper is to revise the role of ethics at university education and to explore teachers'&#xd;
opinion and students' perceptions on this issue.&#xd;
We propose an empirical study that aims to obtain primary information about the perception that&#xd;
teachers and students of two universities, one public university and another private university,&#xd;
have on this subject. Teachers agree about the need for ethical training in the university. These&#xd;
results contrast with the perception of the teaching staff about the lack of such training in&#xd;
university studies. Regarding the students, the same result is obtained in this study. They&#xd;
perceive a lack of ethical training in their university studies since they do not know the ethical&#xd;
competences and have not read or have not understood them in the curriculum.&#xd;
We recommend universities to think about the inclusion of ethical competencies in the subjects of&#xd;
official university degrees that they offer, make them visible and explain them to the stakeholders.</subfield>
</datafield>
<datafield tag="024" ind2=" " ind1="8">
<subfield code="a">2444-250X</subfield>
</datafield>
<datafield tag="024" ind2=" " ind1="8">
<subfield code="a">http://hdl.handle.net/10259/8684</subfield>
</datafield>
<datafield tag="024" ind2=" " ind1="8">
<subfield code="a">10.51302/tce.2023.866</subfield>
</datafield>
<datafield tag="024" ind2=" " ind1="8">
<subfield code="a">2444-2887</subfield>
</datafield>
<datafield ind1=" " ind2=" " tag="653">
<subfield code="a">Ética</subfield>
</datafield>
<datafield ind1=" " ind2=" " tag="653">
<subfield code="a">Enseñanza superior</subfield>
</datafield>
<datafield ind1=" " ind2=" " tag="653">
<subfield code="a">Profesores</subfield>
</datafield>
<datafield ind1=" " ind2=" " tag="653">
<subfield code="a">Estudiantes</subfield>
</datafield>
<datafield ind1=" " ind2=" " tag="653">
<subfield code="a">Programa de estudios</subfield>
</datafield>
<datafield ind1=" " ind2=" " tag="653">
<subfield code="a">Conocimiento</subfield>
</datafield>
<datafield ind1=" " ind2=" " tag="653">
<subfield code="a">Competencias</subfield>
</datafield>
<datafield ind1=" " ind2=" " tag="653">
<subfield code="a">Ethics</subfield>
</datafield>
<datafield ind1=" " ind2=" " tag="653">
<subfield code="a">Higher Education</subfield>
</datafield>
<datafield ind1=" " ind2=" " tag="653">
<subfield code="a">Teachers</subfield>
</datafield>
<datafield ind1=" " ind2=" " tag="653">
<subfield code="a">Students</subfield>
</datafield>
<datafield ind1=" " ind2=" " tag="653">
<subfield code="a">Curriculum</subfield>
</datafield>
<datafield ind1=" " ind2=" " tag="653">
<subfield code="a">Knowledge</subfield>
</datafield>
<datafield ind1=" " ind2=" " tag="653">
<subfield code="a">Skills</subfield>
</datafield>
<datafield tag="245" ind1="0" ind2="0">
<subfield code="a">La integración de las competencias éticas  en los estudios universitarios</subfield>
</datafield>
</record></metadata></record></GetRecord></OAI-PMH>